Catalog

Record Details

Catalog Search



Available copies

  • 1 of 2 copies available at LARL/NWRL Consortium.
  • 1 of 2 copies available at Lake Agassiz Regional Library. (Show preferred library)

Current holds

0 current holds with 2 total copies.

Show Only Available Copies
Location Call Number / Copy Notes Barcode Shelving Location Status Due Date
McIntosh Public Library Y OTI (Text) 33500013826755 Main Available -
Moorhead Public Library Y OTI (Text) 33500013826748 Main On holds shelf -

Record details

  • ISBN: 9781338806762
  • ISBN: 1338806769
  • ISBN: 9780702329524
  • ISBN: 0702329525
  • Physical Description: 368 pages ; 20 cm
  • Edition: First edition.
  • Publisher: New York : Scholastic Press, 2023.

Content descriptions

Summary, etc.:
"High school junior Quinn Calvet gets caught up in ... Read More
Target Audience Note:
Ages 12 and up. Scholastic Press.
Grades 10-12. Scholastic Press.
Subject: Teenagers with disabilities > Juvenile fiction.
Missing children > Juvenile fiction.
Conspiracies > Juvenile fiction.
Fake news > Juvenile fiction.
Social media > Juvenile fiction.
High school student activities > Juvenile fiction.
High schools > New York (State) > Juvenile fiction.
New York (State) > Juvenile fiction.
Detective and mystery stories.
Mystery and detective stories.
People with disabilities > Fiction.
Missing children > Fiction.
Conspiracies > Fiction.
Social media > Fiction.
High schools > Fiction.
Schools > Fiction.
Genre: Suspense fiction.
Young adult fiction.
Thrillers (Fiction)
Detective and mystery fiction.
LDR 03572cam a22009018i 4500
001413961
003LARL_NWRL_CONSORTIUM
00520230621142943.0
008221114s2023 nyu d 000 1 eng
007t|
010 . ‡a 2022048697
040 . ‡aNJQ/DLC ‡beng ‡erda ‡cDLC ‡dOCLCF ‡dUKMGB
015 . ‡aGBC368825 ‡2bnb
0167 . ‡a021014756 ‡2Uk
020 . ‡a9781338806762 ‡q(hardback)
020 . ‡a1338806769
020 . ‡z9781338806779 ‡q(ebook)
020 . ‡a9780702329524 ‡qpaperback
020 . ‡a0702329525
020 . ‡z9780702329616 ‡qePub ebook
035 . ‡a(OCoLC)1340031038
042 . ‡apcc
08204. ‡a813.6 ‡aFic ‡223/eng/20221114
084 . ‡aYAF062000 ‡aYAF058070 ‡2bisacsh
1001 . ‡aOtis, Cindy L., ‡eauthor.
24510. ‡aAt the speed of lies / ‡cCindy L. Otis.
250 . ‡aFirst edition.
264 1. ‡aNew York : ‡bScholastic Press, ‡c2023.
300 . ‡a368 pages ; ‡c20 cm
336 . ‡atext ‡btxt ‡2rdacontent
337 . ‡aunmediated ‡bn ‡2rdamedia
338 . ‡avolume ‡bnc ‡2rdacarrier
520 . ‡a"High school junior Quinn Calvet gets caught up in the disappearance of kids in a nearby town, soon beginning to suspect more to the story than anyone understands, and it is up to her to figure out what's going on"--Provided by publisher.
521 . ‡aAges 12 and up. ‡bScholastic Press.
521 . ‡aGrades 10-12. ‡bScholastic Press.
650 0. ‡aTeenagers with disabilities ‡vJuvenile fiction.
650 0. ‡aMissing children ‡vJuvenile fiction.
650 0. ‡aConspiracies ‡vJuvenile fiction.
650 0. ‡aFake news ‡vJuvenile fiction.
650 0. ‡aSocial media ‡vJuvenile fiction.
650 0. ‡aHigh school student activities ‡vJuvenile fiction.
650 0. ‡aHigh schools ‡zNew York (State) ‡vJuvenile fiction.
651 0. ‡aNew York (State) ‡vJuvenile fiction.
650 0. ‡aDetective and mystery stories. ‡0(LARL_NWRL_CONSORTIUM)18458
650 1. ‡aMystery and detective stories. ‡0(LARL_NWRL_CONSORTIUM)176113
650 1. ‡aPeople with disabilities ‡vFiction. ‡0(LARL_NWRL_CONSORTIUM)166645
650 1. ‡aMissing children ‡vFiction. ‡0(LARL_NWRL_CONSORTIUM)166118
650 1. ‡aConspiracies ‡vFiction. ‡0(LARL_NWRL_CONSORTIUM)164235
650 1. ‡aSocial media ‡vFiction.
650 1. ‡aHigh schools ‡vFiction. ‡0(LARL_NWRL_CONSORTIUM)169592
650 1. ‡aSchools ‡vFiction. ‡0(LARL_NWRL_CONSORTIUM)167222
655 0. ‡aSuspense fiction.
655 0. ‡aYoung adult fiction.
655 7. ‡aThrillers (Fiction) ‡2lcgft
655 7. ‡aDetective and mystery fiction. ‡2lcgft
77608. ‡iebook version : ‡z9780702329616
905 . ‡uvanderl
901 . ‡a413961 ‡b ‡c413961 ‡tbiblio ‡soclc

Additional Resources